000 00461nam a2200145Ia 4500
008 090124s9999 xx 000 0 und d
082 _b202705
245 _a कालिदासकृत - मेघदूत
250 _a3
260 _bगोसावी श्रीराम
_c1981
300 _a20
630 _a कालिदासकृत - मेघदूत
730 _a कालिदासकृत - मेघदूत
942 _cBOOK
999 _c184286
_d184286